000 00510nam a2200181 4500
003 SEACOMEC
005 20250417125031.0
008 250417b |||||||| |||| 00| 0 eng d
020 _a978-8177584752
_c485.00
040 _aSEACOMEC
082 _a004.65
_bH196
100 _aHalsall, Fred
245 _aComputer Networking and the Internet /
_cFred Halsall, & Lingana Gouda Kulkarni
250 _a5th ed
260 _aDelhi :
_bPearson Education Asia,
_cc2007.
300 _axvi, 678p.: ill
942 _cBOOK
999 _c2203
_d2203